| 000 | 00846nac a22002291u 4500 | ||
|---|---|---|---|
| 010 | _a 91029106 | ||
| 020 | _a0673465500 (student ed.) | ||
| 020 | _a0673465527 (teacher's ed.) | ||
| 082 | 0 | 0 |
_a658.3 _bJ658 |
| 090 |
_c4520 _d4520 |
||
| 100 | _aJohns, Gary, | ||
| 245 | 1 | 0 |
_aOrganizational behavior : _bunderstanding life at work / _cGary Johns. |
| 250 | _a3rd ed. | ||
| 260 |
_aNew York, NY : _bHarperCollins, _cc1992. |
||
| 300 |
_a1 v. (various pagings) : _bill. (some col.) ; _c25 cm. |
||
| 504 | _aIncludes bibliographical references and indexes. | ||
| 650 | 0 | _aOrganizational behavior. | |
| 650 | 0 | _aOrganization. | |
| 650 | 0 | _aManagement. | |
| 942 |
_cBB _k658.3J658 |
||
| 999 |
_c4520 _d4520 |
||